LIBRARY ONLINE CATALOGUE

Luo kitgi gi timbegi : (Record no. 12613)

MARC details
000 -LEADER
fixed length control field 00569cam a22001932 4500
001 - CONTROL NUMBER
control field 0000001570
005 - DATE AND TIME OF LATEST TRANSACTION
control field 20151217155812.0
008 - FIXED-LENGTH DATA ELEMENTS--GENERAL INFORMATION
fixed length control field 070316s xx 000 0 eng d
040 ## - CATALOGING SOURCE
Original cataloging agency KABU
Transcribing agency KABU
050 #0 - LIBRARY OF CONGRESS CALL NUMBER
Classification number DT433.545
Item number .L85M36
100 1# - MAIN ENTRY--PERSONAL NAME
Personal name Mboya, Paul.
-- 0000150424
245 10 - TITLE STATEMENT
Title Luo kitgi gi timbegi :
Remainder of title a hand book of Luo customs.
260 ## - PUBLICATION, DISTRIBUTION, ETC. (IMPRINT)
Place of publication, distribution, etc. Nairobi :
Name of publisher, distributor, etc. Equatorial,
Date of publication, distribution, etc. 1967.
300 ## - PHYSICAL DESCRIPTION
Extent 208 p.
600 10 - SUBJECT ADDED ENTRY--PERSONAL NAME
Personal name Luo (African people)
General subdivision Customs.
-- 0000148609
908 ## - PUT COMMAND PARAMETER (RLIN)
Put command parameter 070316
950 ## - LOCAL HOLDINGS (RLIN)
-- 1
Holdings
Withdrawn status Lost status Source of classification or shelving scheme Not for loan Home library Current library Date acquired Total Checkouts Full call number Barcode Date last seen Price effective from Koha item type
    Library of Congress Classification   Kabarak, Main Campus Kabarak, Main Campus 17/12/2015   DT433.545 .L85M36 001844 17/12/2015 17/12/2015 Africana Collection